00430nam a2200169Ia 4500003000400000008004100004040001600045082001300061100001900074245006300093700001800156260003300174300000800207650001600215650001500231650001400246GCL140319s9999 xx 000 0 eng d aGCL / cGCL04a121bH P1 aHUISMAN, DENIS10aLA PHILOSOPHIE : TOME 2 LA CONNAISSANCE / cHUISMAN, DENIS1 aVERGEZ, ANDRE a[S.N] : bMARABOUT ، c1994 a47304aMETAPHYSICS04aPHILOSOPHY04aKNOWLEDGE